000 00659nam a2200229Ia 4500
003 OSt
005 20220923225716.0
006 a|||||r|||| 00| 0
007 ta
008 Pun
024 _a273,851
037 _cTextual
040 _aARTS
_cARTS
_bPun
041 _2Pun
_aPun
082 _aO153:g, N1
100 _aਧਾਲੀਵਾਲ, ਬਲਦੇਵ ਸਿੰਘ
245 0 _aਪੰਜਾਬੀ ਸਾਹਿਤ
_b ਚਿੰਤਨ ਪਰੰਪਰਾ
260 _c1991
650 _aਪੰਜਾਬੀ ਸਾਹਿਤ
942 _hO153:g, N1
_cTEXL
_2CC
999 _c379901
_d379901